[Event "Nordic Championship 65+"]
[Site "Vaxjo"]
[Date "2017.07.01"]
[Round "7.6"]
[White "Lundgren, Ulf"]
[Black "Isaksson, Leif"]
[Result "1-0"]
[WhiteElo "1963"]
[BlackElo "1928"]

1.e4 e6 2.d4 d5 3.exd5 exd5 4.c4 Bb4+ 5.Nc3 Qe7+ 6.Be3 Nf6 7.a3 Bxc3+ 8.
bxc3 O-O 9.h3 Ne4 10.Qc1 f5 11.Be2 Re8 12.cxd5 Bd7 13.Ra2 a5 14.Nf3 Ba4 
15.O-O Bb3 16.Ra1 Bxd5 17.Re1 Nd7 18.Bf4 c6 19.Bd3 Qf6 20.Qb2 b5 21.a4 g5 
22.Be5 Qg6 23.axb5 g4 24.hxg4 fxg4 25.Nh4 Qg5 26.Bg3 Ndf6 27.c4 Bf7 28.
bxc6 Nxg3 29.fxg3 Reb8 30.Qc2 a4 31.Rxa4 1-0

[Event "Nordic Championship 65+"]
[Site "Vaxjo"]
[Date "2017.07.01"]
[Round "7.7"]
[White "Olsson, Sture"]
[Black "Johansson, Bjorn"]
[Result "1/2-1/2"]
[WhiteElo "1921"]
[BlackElo "1922"]

1.d4 Nf6 2.c4 g6 3.g3 Bg7 4.Bg2 O-O 5.Nf3 d6 6.O-O Nbd7 7.Nc3 c6 8.h3 e5 
9.e4 Re8 10.Be3 h6 11.Re1 exd4 12.Bxd4 Qa5 13.a3 Ne5 14.Nxe5 dxe5 15.Be3 
1/2-1/2

[Event "Nordic Championship 65+"]
[Site "Vaxjo"]
[Date "2017.07.01"]
[Round "7.8"]
[White "Heikkila, Raine"]
[Black "Ehlers, Kjeld"]
[Result "1/2-1/2"]
[WhiteElo "1714"]
[BlackElo "1560"]

1.d4 Nf6 2.c4 e6 3.Nc3 d5 4.c5 a5 5.Bf4 Bd7 6.Nf3 Nh5 7.Be5 Nc6 8.Bg3 g6 
9.e3 Bg7 10.Nb5 Nxg3 11.hxg3 Ne7 12.Nc3 c6 13.Bd3 Qc7 14.Qc2 f5 15.Na4 Nc8
16.b3 e5 17.dxe5 Bxe5 18.Nxe5 Qxe5 19.Kd2 Kf7 20.Rae1 Qf6 21.f4 Kg7 22.Rh2
Re8 23.Reh1 h5 24.Be2 Qe6 25.Qc3+ Qf6 26.Qxf6+ Kxf6 27.Bxh5 gxh5 28.Rxh5 
Rg8 29.Rh7 Rg7 30.R1h6+ Kf7 31.Nb2 Ne7 32.Nd3 Ng6 33.Ke2 Re8 34.Kf3 Kg8 
35.Rxg7+ Kxg7 36.Rh5 Re4 37.Nf2 Re8 38.Nd3 Rh8 39.Rxh8 Kxh8 40.Nb2 1/2-1/2

[Event "Nordic Championship Women"]
[Site "Vaxjo"]
[Date "2017.07.01"]
[Round "6.1"]
[White "Ptacnikova, Lenka"]
[Black "Kakulidis, Ellen"]
[Result "1-0"]
[WhiteElo "2207"]
[BlackElo "1914"]

1.e4 e6 2.d4 d5 3.Nd2 dxe4 4.Nxe4 Nd7 5.Nf3 Ngf6 6.Nxf6+ Nxf6 7.Be2 c5 8.
O-O Be7 9.dxc5 Bxc5 10.Qxd8+ Kxd8 11.Bg5 Ke7 12.Rad1 Bd6 13.Nd4 a6 14.Bf3 
Rd8 15.Rfe1 Kf8 16.Nb3 Ke7 17.c3 h6 18.Be3 Rd7 19.Na5 Ne8 20.Nc4 Rb8 21.
Ba7 Ra8 22.Nxd6 Nxd6 23.Bc5 Rb8 24.Rxd6 1-0

[Event "Nordic Championship Women"]
[Site "Vaxjo"]
[Date "2017.07.01"]
[Round "6.2"]
[White "Fredericia, Louise"]
[Black "Berg Laachiri, Susanna"]
[Result "0-1"]
[WhiteElo "2089"]
[BlackElo "1911"]

1.e4 e5 2.Nf3 Nc6 3.Nc3 Nf6 4.a3 Bc5 5.Nxe5 Nxe5 6.d4 Bxd4 7.Qxd4 Nc6 8.
Qd3 d6 9.Be2 Be6 10.Bg5 h6 11.Bh4 Ne5 12.Qd1 Ng6 13.Bg3 h5 14.h3 h4 15.Bh2
Qe7 16.Qd4 a6 17.O-O-O O-O 18.f4 Bd7 19.e5 Ne8 20.Rhe1 Bc6 21.exd6 Qxd6 
22.Qf2 Qf6 23.Bd3 Nd6 24.f5 Rfe8 25.g4 hxg3 26.Bxg3 Ne5 27.Rf1 Nxd3+ 28.
Rxd3 Nc4 29.Bh4 Qh6+ 30.Kb1 Re3 31.Rd4 Nxa3+ 32.bxa3 Rxc3 33.Rd3 Rxd3 34.
cxd3 Qd6 35.Qc2 Bb5 36.Rf3 Qxa3 37.Rg3 Qb4+ 38.Qb2 Bxd3+ 39.Rxd3 Qxh4 40.
Qxb7 Qe1+ 41.Kc2 Qe2+ 42.Kc3 Qe5+ 43.Kc2 Re8 44.Qxa6 Qxf5 45.Kc3 c5 46.Qc6
Re1 47.Rf3 Qe5+ 48.Kc4 Qd4+ 49.Kb5 Qb4+ 50.Ka6 Ra1+ 0-1

[Event "Nordic Championship Women"]
[Site "Vaxjo"]
[Date "2017.07.01"]
[Round "6.3"]
[White "Cramling, Anna"]
[Black "Johansson, Viktoria"]
[Result "1/2-1/2"]
[WhiteElo "1912"]
[BlackElo "2114"]

1.d4 Nf6 2.c4 g6 3.Nc3 Bg7 4.e4 d6 5.h3 O-O 6.Bg5 c5 7.d5 h6 8.Be3 e6 9.
Bd3 exd5 10.exd5 Nbd7 11.Nf3 a6 12.a4 Re8 13.Kf1 Ne5 14.Nxe5 Rxe5 15.g4 g5
16.Qd2 Bd7 17.f4 Rxe3 18.Qxe3 Qb6 19.Rb1 Re8 20.Qd2 gxf4 21.Qxf4 Re5 22.
Rg1 Qd8 23.Re1 Rxe1+ 24.Kxe1 Nh7 25.Bxh7+ Kxh7 26.g5 hxg5 27.Rxg5 f6 28.
Qe4+ Kg8 29.Rg3 f5 30.Qg2 Qe7+ 31.Kd1 Qe5 32.Qf3 f4 33.Rg2 Bf5 34.Rd2 Kf8 
35.Qe2 Qf6 36.Ne4 Qg6 37.Nf2 Bd4 38.Ng4 Be4 39.Qf1 f3 40.a5 Bxd5 41.Kc1 
Be4 42.Qe1 Qe6 43.b3 Bc3 44.Rxd6 Qxd6 45.Qxc3 Qd4 46.Qxd4 cxd4 47.Kd2 Ke7 
48.Nf2 Bf5 49.h4 Kf6 50.b4 Kg6 51.b5 axb5 52.cxb5 Bd7 53.a6 bxa6 54.bxa6 
Kh5 55.Kd3 Kxh4 56.Kxd4 Bc6 57.Ke3 Kg3 58.a7 Kg2 1/2-1/2

[Event "Nordic Championship Women"]
[Site "Vaxjo"]
[Date "2017.07.01"]
[Round "6.4"]
[White "Olsson, Linn"]
[Black "Lindberg, Cajsa"]
[Result "1/2-1/2"]
[WhiteElo "1796"]
[BlackElo "1734"]

1.d4 d5 2.c4 c6 3.Nc3 Nf6 4.Nf3 a6 5.cxd5 cxd5 6.Bf4 Nc6 7.e3 Bg4 8.Be2 e6
9.O-O Be7 10.Ne5 Bxe2 11.Qxe2 O-O 12.Nxc6 bxc6 13.Rac1 c5 14.dxc5 Bxc5 15.
Bg5 Be7 16.Rfd1 h6 17.Bh4 Nd7 18.Bxe7 Qxe7 19.e4 dxe4 20.Nxe4 Nf6 21.Ng3 
Rfd8 22.Re1 Qb7 23.h3 a5 24.Rc5 Rdc8 25.Rb5 Qc6 26.Rd1 a4 27.Rb4 Rd8 28.
Re1 Qd5 29.a3 Qd2 30.Qxd2 Rxd2 31.Ne4 Nxe4 32.Rexe4 Ra7 33.Rb8+ Kh7 34.
Rbb4 h5 35.Rxa4 Rxa4 36.Rxa4 Rxb2 37.Ra7 Kg6 38.a4 Ra2 39.a5 Ra1+ 40.Kh2 
e5 41.a6 h4 1/2-1/2

[Event "Nordic Championship Women"]
[Site "Vaxjo"]
[Date "2017.07.01"]
[Round "6.5"]
[White "Horn, Emilia"]
[Black "Fransson, Pia"]
[Result "1/2-1/2"]
[WhiteElo "1995"]
[BlackElo "1482"]

1.e4 c5 2.Nf3 d6 3.d4 cxd4 4.Qxd4 Nc6 5.Bb5 Qd7 6.Qd3 a6 7.Bxc6 bxc6 8.c4 
g6 9.Nc3 Bg7 10.O-O Nf6 11.h3 O-O 12.Bg5 h6 13.Bh4 Nh5 14.Nh2 Nf4 15.Qf3 
g5 16.Bg3 Nxh3+ 17.gxh3 Qxh3 18.c5 f5 19.exf5 Rxf5 20.Qg2 Rxc5 21.Qxh3 
Bxh3 22.Rfe1 Rxc3 23.bxc3 Bxc3 24.Rad1 Bxe1 25.Rxe1 Kf7 26.Nf3 c5 27.Nd2 
Rb8 28.Nc4 Be6 29.Bxd6 exd6 30.Nxd6+ Kf6 31.Ne4+ Kf5 32.Nd6+ Kf6 33.Ne4+ 
Kg6 34.Nxc5 Bxa2 35.Nxa6 Rb1 36.Rxb1 Bxb1 37.Nc5 h5 38.Nb3 Kf5 39.Nd2 Be4 
40.Kh2 Ba8 41.Kg3 h4+ 42.Kh3 Kf4 43.Kh2 g4 44.Kg1 Bb7 45.Nf1 Kf3 46.Nh2+ 
Kf4 47.Nf1 h3 48.Nd2 Bg2 49.Kh2 Bc6 50.Kg1 Bg2 51.Kh2 Ke5 52.Kg3 Kd5 53.f3
Bxf3 1/2-1/2

[Event "Nordic Championship Women"]
[Site "Vaxjo"]
[Date "2017.07.01"]
[Round "6.6"]
[White "Eriksson, Ofelia"]
[Black "Mariano-Wagman, Cristine Rose"]
[Result "0-1"]
[WhiteElo "1742"]
[BlackElo "1933"]

1.d4 d5 2.Bf4 c6 3.e3 e6 4.Nf3 f5 5.c3 Nf6 6.Nbd2 Bd6 7.Ne5 O-O 8.Be2 c5 
9.h3 Ne4 10.Nd3 Nc6 11.Bxd6 Qxd6 12.dxc5 Nxc5 13.Qc2 Nxd3+ 14.Bxd3 e5 15.
O-O-O Be6 16.Be2 Rac8 17.g4 d4 18.gxf5 Nb4 19.Bc4 Nxc2 20.Bxe6+ Kh8 21.
Bxc8 Rxc8 22.Kxc2 dxc3 23.bxc3 Qa3 24.Nc4 Qa4+ 0-1

[Event "Nordic Championship 50+"]
[Site "Vaxjo"]
[Date "2017.07.02"]
[Round "8.1"]
[White "Lauritzen, Einar"]
[Black "Andersson, Erik"]
[Result "1-0"]
[WhiteElo "1984"]
[BlackElo "1703"]

1.d4 Nf6 2.Nf3 e6 3.c4 Bb4+ 4.Nbd2 Ne4 5.g3 b6 6.Bg2 Bb7 7.O-O Nxd2 8.Bxd2
Bxd2 9.Qxd2 O-O 10.Rfd1 d6 11.a3 a5 12.Qc2 c6 13.e4 f6 14.e5 fxe5 15.dxe5 
d5 16.Rac1 Na6 17.Nd4 Re8 18.Bh3 Nc7 19.cxd5 c5 20.Nxe6 Nxe6 21.Bxe6+ Kh8 
22.f4 1-0

[Event "Nordic Championship 50+"]
[Site "Vaxjo"]
[Date "2017.07.02"]
[Round "8.2"]
[White "Karason, Askell O"]
[Black "Pettersson, Kjell-Erik"]
[Result "1-0"]
[WhiteElo "2271"]
[BlackElo "1721"]

1.Nf3 Nf6 2.c4 e6 3.d4 b6 4.Nc3 Bb7 5.Bg5 d5 6.cxd5 exd5 7.e3 Be7 8.Bd3 
Nbd7 9.Qc2 h6 10.Bh4 O-O 11.O-O c6 12.Rfd1 Re8 13.Rab1 c5 14.dxc5 bxc5 15.
Bb5 Qc7 16.Bxf6 Nxf6 17.Bxe8 Rxe8 18.Ne2 Qb6 19.Ng3 g6 20.Ne1 h5 21.h3 h4 
22.Nf1 d4 23.exd4 cxd4 24.Rbc1 Bd6 25.Qa4 Re5 26.Qxd4 Qxd4 27.Rxd4 Bc5 28.
Rxh4 Ne4 29.Nd3 1-0

[Event "Nordic Championship 50+"]
[Site "Vaxjo"]
[Date "2017.07.02"]
[Round "8.3"]
[White "Kirppo, Ronny"]
[Black "Ortoft, Kai"]
[Result "1/2-1/2"]
[WhiteElo "1900"]
[BlackElo "1984"]

1.d4 Nf6 2.c4 e6 3.Nf3 Bb4+ 4.Bd2 Qe7 5.g3 O-O 6.Bg2 Bxd2+ 7.Qxd2 d6 8.Nc3
e5 9.O-O a5 10.e4 c6 11.a3 Bg4 12.b4 axb4 13.axb4 Nbd7 14.d5 c5 15.b5 Nb6 
16.Qd3 Rfd8 17.Nd2 Rxa1 18.Rxa1 Ra8 19.Rxa8+ Nxa8 20.Qb1 Nb6 21.Qa2 Bc8 
22.Qa5 Nfd7 23.Na4 Nxa4 24.Qxa4 Qd8 25.Qa7 Kf8 26.h4 Nb6 27.Kh2 Qc7 28.Bh3
Bxh3 29.Kxh3 Ke7 30.Kg2 g6 31.f3 f6 32.Kf2 Nd7 33.Nf1 Qb8 34.Qa5 Qd8 35.
Qa7 Qb8 36.Qa5 Qd8 37.Qa7 1/2-1/2

[Event "Nordic Championship 50+"]
[Site "Vaxjo"]
[Date "2017.07.02"]
[Round "8.4"]
[White "Holst, Conny"]
[Black "Olsson, Magnus"]
[Result "1-0"]
[WhiteElo "2150"]
[BlackElo "1662"]

1.d4 d5 2.c4 dxc4 3.Nf3 Nf6 4.e3 e6 5.Bxc4 c5 6.O-O a6 7.Bb3 b5 8.a4 Bb7 
9.axb5 axb5 10.Rxa8 Bxa8 11.Qe2 c4 12.Bc2 Be7 13.b3 Qd5 14.bxc4 bxc4 15.
Nc3 Qc6 16.Ba4 1-0

[Event "Nordic Championship 50+"]
[Site "Vaxjo"]
[Date "2017.07.02"]
[Round "8.6"]
[White "Ohlsson, Mikael"]
[Black "Gunnarsson, Lennart"]
[Result "1-0"]
[WhiteElo "1765"]
[BlackElo "1800"]

1.c4 c5 2.g3 Nc6 3.Bg2 g6 4.e3 Bg7 5.Ne2 e6 6.O-O Nge7 7.d4 cxd4 8.exd4 d5
9.c5 O-O 10.Na3 a6 11.Nc2 e5 12.dxe5 Nxe5 13.Nf4 Qc7 14.Nxd5 Qxc5 15.Be3 
Qd6 16.Nb6 Qxd1 17.Raxd1 Rb8 18.Bc5 N5c6 19.Bd6 Bf5 20.Ne3 Rbd8 21.Nxf5 
gxf5 22.Bxc6 Nxc6 23.Bxf8 Rxd1 24.Rxd1 Kxf8 25.Rd7 Bxb2 26.Rxb7 Kg7 27.Nc4
Bf6 28.Rb6 1-0

[Event "Nordic Championship 50+"]
[Site "Vaxjo"]
[Date "2017.07.02"]
[Round "8.7"]
[White "Lang, Gusztav"]
[Black "Sandgren, Per-Olov"]
[Result "0-1"]
[WhiteElo "1723"]
[BlackElo "1422"]

1.e4 e5 2.f4 d5 3.exd5 exf4 4.Nf3 Qxd5 5.Nc3 Qe6+ 6.Be2 h6 7.O-O Nf6 8.
Bb5+ Kd8 9.d4 g5 10.Re1 Qg4 11.Qe2 Bd6 12.Ne4 Nxe4 13.Qxe4 Qe6 14.Qd3 Qf6 
15.Bd2 Bf5 16.Qe2 c6 17.Bc4 Bg4 18.Bc3 Rf8 19.d5 Qg6 20.dxc6 Nxc6 21.Rad1 
Kc7 22.Bd3 Qh5 23.Be4 Rae8 24.Rxd6 Kxd6 25.Bb4+ Kc7 26.Bxf8 f5 27.Bd6+ 
Kxd6 28.Qd3+ Kc7 29.Bxf5 Rxe1+ 30.Nxe1 Bxf5 31.Qxf5 Qe2 32.Qf7+ Kb6 33.
Qb3+ Kc7 34.Qc3 Qe5 35.Qxe5+ Nxe5 36.b3 b5 37.h3 a5 38.Kf2 Kd6 39.Nf3 Kd5 
40.Nxe5 Kxe5 41.Ke2 Kd4 42.Kd2 b4 43.Ke2 Kc3 44.Kd1 h5 0-1

[Event "Nordic Championship 65+"]
[Site "Vaxjo"]
[Date "2017.07.02"]
[Round "8.1"]
[White "Lauritsen, Niels"]
[Black "Lekander, Rolf"]
[Result "1/2-1/2"]
[WhiteElo "2039"]
[BlackElo "2180"]

1.d4 d5 2.Nc3 Nf6 3.Bg5 Nbd7 4.f3 c6 5.e4 dxe4 6.fxe4 e5 7.dxe5 Qa5 8.Bxf6
gxf6 9.e6 fxe6 10.Qg4 Nb6 11.O-O-O Bd7 12.Nf3 O-O-O 13.Nd2 Bb4 14.Nb3 Qe5 
15.Nb1 Na4 16.c3 Bf8 17.Bd3 Rg8 18.Qh3 h5 19.g3 Qg5+ 20.Kc2 e5 21.Qf1 Bg4 
22.Be2 Bh6 23.Bxg4+ Qxg4 24.N1d2 Rd6 25.Qf3 Rgd8 26.Qxg4+ hxg4 27.Nc4 Rxd1
28.Rxd1 Rxd1 29.Kxd1 Kc7 30.Kc2 Kd7 31.Kb1 Kc7 32.Kc2 Kd7 33.Kb1 1/2-1/2

[Event "Nordic Championship 65+"]
[Site "Vaxjo"]
[Date "2017.07.02"]
[Round "8.2"]
[White "Grahn, Lars"]
[Black "Westin, Ake"]
[Result "1/2-1/2"]
[WhiteElo "2008"]
[BlackElo "2098"]

1.Nf3 e6 2.g3 f5 3.Bg2 Nf6 4.d3 d5 5.O-O Be7 6.Nc3 O-O 7.Ne5 Nbd7 8.Nxd7 
Bxd7 9.e3 Be8 10.b3 Bd6 11.Bb2 c6 12.e4 f4 13.Ne2 Qc7 14.Nd4 Bf7 15.Re1 
dxe4 16.Bxe4 Nxe4 17.Rxe4 fxg3 18.fxg3 Bxg3 19.hxg3 Qxg3+ 20.Kh1 Qh3+ 21.
Kg1 Bh5 22.Qd2 Rf6 23.Rxe6 Raf8 24.Qg2 Qh4 25.Rae1 Bg4 26.Rxf6 Qxe1+ 27.
Rf1 Qe3+ 28.Kh1 Qh6+ 29.Kg1 Qe3+ 30.Kh1 Qh6+ 1/2-1/2

[Event "Nordic Championship 65+"]
[Site "Vaxjo"]
[Date "2017.07.02"]
[Round "8.3"]
[White "Ekelund, Kurt"]
[Black "Norevall, Ulf"]
[Result "1-0"]
[WhiteElo "2003"]
[BlackElo "1769"]

1.e4 d6 2.d4 Nf6 3.Nc3 g6 4.f4 Bg7 5.Nf3 c5 6.dxc5 Qa5 7.Bd3 Qxc5 8.Qe2 
O-O 9.Be3 Qa5 10.O-O Nc6 11.Rae1 Ng4 12.Bd2 Qb6+ 13.Kh1 Nd4 14.Nxd4 Bxd4 
15.Nd5 Qd8 16.h3 e6 17.Qxg4 exd5 18.Qf3 dxe4 19.Bxe4 f5 20.Bxb7 Bxb7 21.
Qxb7 Rf7 22.Qd5 Bxb2 23.Re6 Ba3 24.Bc3 Bc5 25.Rf6 Qf8 26.Rxf7 Qxf7 27.
Qxa8+ 1-0

[Event "Nordic Championship 65+"]
[Site "Vaxjo"]
[Date "2017.07.02"]
[Round "8.4"]
[White "Wihlborn, Bengt"]
[Black "Nilsson, Weine"]
[Result "0-1"]
[WhiteElo "1842"]
[BlackElo "1956"]

1.Nf3 c5 2.c4 b6 3.g3 Bb7 4.Bg2 Nf6 5.Nc3 e6 6.d4 cxd4 7.Qxd4 Nc6 8.Qf4 
Bb4 9.Bd2 h6 10.h4 d6 11.O-O O-O 12.Rad1 Qe7 13.a3 e5 14.Qf5 Bxc3 15.Bxc3 
Rfd8 16.Qc2 Rac8 17.Ne1 Rc7 18.b3 Nd7 19.Qb2 Nc5 20.Nc2 Nb8 21.Ne3 Bxg2 
22.Kxg2 Qe6 23.Qb1 e4 24.Qb2 f5 25.Nd5 Rcd7 26.Nf4 Qf7 27.h5 Nc6 28.Rd2 
Ne6 29.Ng6 f4 30.Qb1 f3+ 31.exf3 Qxf3+ 32.Kg1 Qxc3 0-1

[Event "Nordic Championship 65+"]
[Site "Vaxjo"]
[Date "2017.07.02"]
[Round "8.5"]
[White "Johansson, Bjorn"]
[Black "Olesen, Christer"]
[Result "1-0"]
[WhiteElo "1922"]
[BlackElo "1827"]

1.c4 Nf6 2.g3 c5 3.Bg2 Nc6 4.Nc3 g6 5.d3 Bg7 6.e4 O-O 7.Nge2 d6 8.O-O Bg4 
9.f3 Bd7 10.Be3 e5 11.Qd2 Ne8 12.Nd5 Qc8 13.a3 a5 14.Nb6 Qd8 15.Nxa8 Qxa8 
16.b4 Nd4 17.Bxd4 exd4 18.Rfb1 f5 19.exf5 Bxf5 20.f4 Bc8 21.bxa5 Nf6 22.
Rb6 Ng4 23.a6 Qa7 24.Rab1 bxa6 25.Rb7 1-0

[Event "Nordic Championship 65+"]
[Site "Vaxjo"]
[Date "2017.07.02"]
[Round "8.6"]
[White "Ehlers, Kjeld"]
[Black "Lundgren, Ulf"]
[Result "0-1"]
[WhiteElo "1560"]
[BlackElo "1963"]

1.d4 d5 2.c4 c6 3.Nc3 Nf6 4.cxd5 cxd5 5.Nf3 Nc6 6.e3 g6 7.a3 Bg7 8.Be2 O-O
9.O-O Re8 10.b4 e5 11.dxe5 Ne4 12.Bb2 Nxe5 13.Rc1 Be6 14.Nxe4 Nxf3+ 0-1

[Event "Nordic Championship 65+"]
[Site "Vaxjo"]
[Date "2017.07.02"]
[Round "8.7"]
[White "Isaksson, Leif"]
[Black "Olsson, Sture"]
[Result "1/2-1/2"]
[WhiteElo "1928"]
[BlackElo "1921"]

1.e4 c5 2.Nf3 d6 3.d4 cxd4 4.Nxd4 Nf6 5.Nc3 a6 6.Be2 e6 7.Be3 Be7 8.O-O 
O-O 9.a4 Nc6 10.Nxc6 bxc6 11.f4 Rb8 12.Qc1 Qa5 13.Kh1 Qb4 14.Bd3 c5 15.Qd2
d5 16.exd5 exd5 17.Bg1 d4 18.Ne4 Nxe4 19.Qxb4 Rxb4 20.Bxe4 Rxb2 21.Rfb1 
Rxb1 22.Rxb1 Bd6 23.g3 Re8 24.Bf3 Bc7 25.Bf2 Ba5 26.Kg2 Bb4 27.Bxd4 Rd8 
28.c3 Bf5 1/2-1/2

[Event "Nordic Championship 65+"]
[Site "Vaxjo"]
[Date "2017.07.02"]
[Round "8.8"]
[White "Koski, Viljo"]
[Black "Heikkila, Raine"]
[Result "1/2-1/2"]
[WhiteElo "1917"]
[BlackElo "1714"]

1.Nf3 d5 2.g3 Nf6 3.Bg2 Nc6 4.O-O e5 5.d3 Bd6 6.Nbd2 Bg4 7.h3 Bf5 8.Nh4 
Be6 9.e4 Qd7 10.g4 Be7 11.Nf5 Bxf5 12.exf5 Bc5 13.Nb3 Bb6 14.a4 a6 15.a5 
Ba7 16.Qe2 1/2-1/2

[Event "Nordic Championship"]
[Site "Vaxjo"]
[Date "2017.07.02"]
[Round "9.1"]
[White "Westerberg, Jonathan"]
[Black "Hjartarson, Johann"]
[Result "1/2-1/2"]
[WhiteElo "2468"]
[BlackElo "2541"]

1.d4 g6 2.e4 Bg7 3.Nf3 d6 4.Bd3 Nf6 5.O-O O-O 6.Re1 Nc6 7.Nbd2 e5 8.dxe5 
Nxe5 9.Nxe5 dxe5 10.Nc4 Nh5 11.g3 Re8 12.a4 Bf8 13.Be2 Qxd1 14.Rxd1 Nf6 
15.f3 b6 16.Be3 Nd7 17.Rd5 a5 18.Rad1 Nc5 19.b3 f6 20.Nb2 Be6 21.R5d2 Be7 
22.Bc4 Bxc4 23.Nxc4 Kf7 24.Kf1 Ne6 25.Ke2 Red8 26.Rxd8 Rxd8 27.Rxd8 Bxd8 
28.Kd3 Be7 29.Nd2 Ke8 30.Kc4 Kd7 31.c3 Bc5 32.Bxc5 Nxc5 33.Nf1 c6 34.Ne3 
Nb7 35.b4 Nd6+ 36.Kd3 h5 37.Nc4 Nxc4 38.Kxc4 Kd6 39.h3 f5 40.g4 fxg4 41.
fxg4 hxg4 42.hxg4 g5 43.Kb3 Kc7 44.c4 c5 1/2-1/2

[Event "Nordic Championship"]
[Site "Vaxjo"]
[Date "2017.07.02"]
[Round "9.2"]
[White "Grandelius, Nils"]
[Black "Thybo, Jesper Sondergaard"]
[Result "1-0"]
[WhiteElo "2655"]
[BlackElo "2465"]

1.c4 c5 2.Nf3 Nc6 3.d4 cxd4 4.Nxd4 g6 5.e4 Bg7 6.Be3 Nf6 7.Nc3 O-O 8.Be2 
d6 9.O-O Bd7 10.h3 Nxd4 11.Bxd4 Bc6 12.Qc2 a5 13.Rad1 Nd7 14.Bxg7 Kxg7 15.
Bg4 Ne5 16.c5 Nxg4 17.hxg4 Bd7 18.cxd6 Bxg4 19.dxe7 Qxe7 20.Nd5 Qe5 21.f3 
Rac8 22.Qf2 Be6 23.f4 Qxe4 24.Rfe1 Qc2 25.Qd4+ Kh6 26.g4 Qc5 27.g5+ Kh5 
28.Nf6+ Kh4 29.Qxc5 Rxc5 30.Kf2 Rc2+ 31.Kf3 Rh2 32.Rh1 Rh3+ 33.Rxh3+ Bxh3 
34.Rh1 Rd8 35.Ne4 Rd3+ 36.Ke2 Rd4 37.Ke3 1-0

[Event "Nordic Championship"]
[Site "Vaxjo"]
[Date "2017.07.02"]
[Round "9.4"]
[White "Ziska, Helgi Dam"]
[Black "Rasmussen, Allan Stig"]
[Result "1/2-1/2"]
[WhiteElo "2544"]
[BlackElo "2540"]

1.e4 c6 2.Nc3 d5 3.Nf3 Nf6 4.e5 Ne4 5.d4 Nxc3 6.bxc3 c5 7.c4 Nc6 8.Be2 
cxd4 9.Nxd4 e6 10.O-O Be7 11.cxd5 exd5 12.Nxc6 bxc6 13.c4 O-O 14.cxd5 cxd5
15.Be3 Qa5 16.Qd4 Be6 17.Rfb1 Rfc8 18.Rb5 Qa3 19.Rb3 Qa5 20.Rb5 Qa3 21.Rb3
Qa5 1/2-1/2

[Event "Nordic Championship"]
[Site "Vaxjo"]
[Date "2017.07.02"]
[Round "9.5"]
[White "Lokander, Martin"]
[Black "Ernst, Thomas"]
[Result "1-0"]
[WhiteElo "2329"]
[BlackElo "2381"]

1.c4 c5 2.Nf3 Nc6 3.Nc3 e5 4.g3 g6 5.Bg2 Bg7 6.O-O d6 7.a3 a5 8.Ne1 Be6 9.
d3 Nge7 10.Nc2 d5 11.cxd5 Nxd5 12.Ne3 Nde7 13.Nc4 O-O 14.Bg5 f6 15.Be3 b6 
16.Qa4 Qc7 17.f4 Kh8 18.fxe5 fxe5 19.Bg5 Rxf1+ 20.Rxf1 Rb8 21.Bxe7 Nxe7 
22.Ne3 Qd6 23.Qe4 b5 24.a4 bxa4 25.Nc4 Bxc4 26.Qxc4 Qd4+ 27.Qxd4 cxd4 28.
Nxa4 Bh6 29.Rf7 Be3+ 30.Kf1 Rb4 31.Nc5 Rxb2 32.Be4 Rc2 33.Ne6 Ng8 34.Bd5 
Bh6 35.g4 g5 36.Be4 1-0

[Event "Nordic Championship"]
[Site "Vaxjo"]
[Date "2017.07.02"]
[Round "9.6"]
[White "Rydstrom, Tom"]
[Black "Dragicevic, Drazen"]
[Result "0-1"]
[WhiteElo "2313"]
[BlackElo "2306"]

1.e4 c5 2.Nf3 d6 3.d4 cxd4 4.Nxd4 Nf6 5.Nc3 Bd7 6.Bg5 Nc6 7.Be2 Qa5 8.Bxf6
gxf6 9.O-O Rc8 10.Nb3 Qg5 11.f4 Qh4 12.Nd5 Rg8 13.Qe1 Qxe1 14.Raxe1 Bg7 
15.c3 f5 16.exf5 Bxf5 17.Bb5 Be6 18.Ne3 a6 19.Bd3 h5 20.Rf3 Kf8 21.Bf5 Bf6
22.Nd2 Bxf5 23.Nxf5 d5 24.Rh3 e6 25.Ne3 h4 26.f5 Ne5 27.Rf1 Ke7 28.Nf3 Nd3
29.Nxh4 Nxb2 30.fxe6 fxe6 31.Nf3 Rxc3 32.Rh7+ Rg7 33.Rxg7+ Bxg7 34.Ng4 Nd3
35.h4 Rc1 36.h5 b5 37.h6 Bh8 38.Rxc1 Nxc1 39.Nge5 Kf8 40.g4 Kg8 41.g5 Nxa2
42.g6 b4 43.h7+ Kg7 44.Nd4 Kf6 45.Nf7 Kxg6 46.Nxh8+ Kxh7 47.Nf7 Kg6 48.
Ne5+ Kf6 49.Ng4+ Kg5 50.Ne3 e5 51.Nf3+ Kf4 52.Kf2 Nc3 53.Nd2 Ne4+ 54.Ke2 
Nxd2 55.Nxd5+ Ke4 56.Nxb4 a5 57.Nd3 Nc4 58.Nc5+ Kd4 59.Nb3+ Kc3 60.Nc5 Kd4
61.Nb3+ Ke4 62.Nc5+ Kd5 63.Nb3 a4 64.Nc1 Kd4 65.Na2 a3 66.Nb4 Kc3 67.Na2+ 
Kb2 68.Nb4 Kb3 69.Nd3 e4 70.Nc5+ Kc2 0-1

[Event "Nordic Championship"]
[Site "Vaxjo"]
[Date "2017.07.02"]
[Round "9.7"]
[White "Kjartansson, Gudmundur"]
[Black "Lind, Jan-Olov"]
[Result "1-0"]
[WhiteElo "2464"]
[BlackElo "2222"]

1.e4 c5 2.Nf3 g6 3.d4 cxd4 4.Qxd4 Nf6 5.Nc3 Nc6 6.Qa4 d6 7.e5 Ng4 8.Bb5 
Nxe5 9.Nxe5 dxe5 10.Bxc6+ bxc6 11.Qxc6+ Bd7 12.Qe4 Bg7 13.Bg5 O-O 14.O-O-O
Qe8 15.Nd5 Bc6 16.Qc4 Bxd5 17.Qxd5 e6 18.Qd7 Qb8 19.Rd3 Qb4 20.Rhd1 e4 21.
Rb3 Qa5 22.Qb5 Qxa2 23.Ra3 Rab8 24.Rxa2 Rxb5 25.Be3 Rb7 26.Rd6 f5 27.Rxe6 
f4 28.Bc5 Rf5 29.b4 f3 30.gxf3 exf3 31.Rxa7 Rxa7 32.Bxa7 Kf7 33.Rc6 Bh6+ 
34.Kb2 Bd2 35.Kb3 Re5 36.Bd4 Re4 37.c3 Bf4 38.h3 Ke7 39.b5 Kd7 40.Ra6 h5 
41.Rxg6 Be5 42.Bxe5 Rxe5 43.Rf6 Rxb5+ 44.Kc4 Ra5 45.Rxf3 Kd6 46.Kb4 Ra8 
47.Rf6+ Ke5 48.Rh6 Rf8 49.Rxh5+ Kd6 50.Rh6+ Kc7 51.h4 Rxf2 52.h5 Rf8 53.c4
Kd7 54.Kc5 Kc7 55.Rh7+ Kc8 56.Kb5 Rf6 57.c5 Re6 58.h6 Rf6 59.Rh8+ Kc7 60.
h7 1-0

[Event "Nordic Championship"]
[Site "Vaxjo"]
[Date "2017.07.02"]
[Round "9.8"]
[White "Seo, Jung Min"]
[Black "Nielsen, Rogvi Egilstoft"]
[Result "1-0"]
[WhiteElo "2276"]
[BlackElo "2353"]

1.e4 e5 2.Nf3 Nc6 3.d4 exd4 4.Nxd4 Nf6 5.Nxc6 bxc6 6.Bd3 d5 7.Qe2 dxe4 8.
Nc3 Bb4 9.Bxe4 Nxe4 10.Qxe4+ Qe7 11.Qxe7+ Kxe7 12.Bd2 Bxc3 13.Bxc3 f6 14.
Ba5 Bf5 15.O-O-O Rac8 16.Rd4 Rhe8 17.Rc4 Kf7 18.Rxc6 Re2 19.Rc5 Be6 20.Rf1
c6 21.Kd1 Re4 22.Re1 Rg4 23.g3 h6 24.b3 Rg5 25.Bb4 Rd8+ 26.Kc1 Rxc5 27.
Bxc5 Rd5 28.Be3 a6 29.Bd2 Rh5 30.h4 Rf5 31.f4 Rc5 32.c4 h5 33.Be3 Ra5 34.
Kb2 Rf5 35.Rd1 Ke7 36.Kc3 Ke8 37.Bb6 Bd7 38.Re1+ Kf7 39.Bd8 Be6 40.Re3 g6 
41.Re1 c5 42.Re3 Ke8 43.Rxe6+ Kxd8 44.Kd3 a5 45.Ra6 Kd7 46.Rxa5 g5 47.Ke4 
gxf4 48.gxf4 1-0

[Event "Nordic Championship"]
[Site "Vaxjo"]
[Date "2017.07.02"]
[Round "9.9"]
[White "Ask, Josef"]
[Black "Rostgaard, Tobias Valentin"]
[Result "1-0"]
[WhiteElo "2120"]
[BlackElo "2327"]

1.e4 e5 2.Nf3 Nc6 3.Nc3 Nf6 4.g3 d5 5.exd5 Nxd5 6.Bg2 Nxc3 7.bxc3 Bd6 8.
O-O O-O 9.d3 h6 10.Rb1 Rb8 11.Nd2 Be6 12.Nc4 Bxc4 13.dxc4 Na5 14.Qh5 c6 
15.c5 Bxc5 16.Qxe5 Qe7 17.Qh5 Rfe8 18.Bf4 Rbd8 19.h4 b6 20.Bf3 Qf6 21.Qg4 
Bd6 22.Be3 Nc4 23.Bd4 Be5 24.Rbd1 c5 25.Be2 Nd6 26.Be3 Bxc3 27.Rd5 Qe6 28.
Rfd1 f5 29.Qa4 Bd4 30.Bf3 Nf7 31.Bxd4 cxd4 32.R5xd4 Rxd4 33.Rxd4 Re7 34.
Kg2 Kh7 35.c4 Ne5 36.Bd5 Qf6 37.Qd1 Nc6 38.Rd2 Ne5 39.Rd4 Ng4 40.Bf3 h5 
41.Rd8 Rf7 42.Qd5 Rf8 43.Rd7 Ne5 44.Rd6 1-0

[Event "Nordic Championship"]
[Site "Vaxjo"]
[Date "2017.07.02"]
[Round "9.10"]
[White "Kucuksari, Kaan"]
[Black "Aroven, Mikael"]
[Result "1-0"]
[WhiteElo "2299"]
[BlackElo "2114"]

1.d4 g6 2.Nf3 Bg7 3.c4 d6 4.Nc3 Nd7 5.e4 e5 6.d5 a5 7.Bg5 f6 8.Be3 Ne7 9.
Bd3 c6 10.dxc6 Nxc6 11.Nb5 Nc5 12.Bc2 Bf8 13.Qd2 Be6 14.O-O-O Bxc4 15.
Nxd6+ Qxd6 16.Qxd6 Bxd6 17.Rxd6 Nd7 18.Rhd1 O-O-O 19.Nd2 Be2 20.Re1 Ba6 
21.Nb3 Kc7 22.Red1 b6 23.a4 Rhe8 24.Rxd7+ Rxd7 25.Bxb6+ Kxb6 26.Rxd7 Rc8 
27.Rd6 Bf1 28.g3 Kc7 29.Rxf6 Nb4 30.Nc5 Kb8 31.Rf8 Nd3+ 32.Bxd3 Rxf8 33.
Nd7+ Kc7 34.Nxf8 Bxd3 35.f3 Be2 36.Nxh7 Bxf3 37.Ng5 Bg4 38.Nf7 Bf3 39.Ng5 
Bg4 40.Nf7 Bf3 41.Nxe5 Bxe4 42.Nc4 Bd5 43.Nxa5 Kd6 44.b4 Ke5 45.b5 g5 46.
Kd2 Kd6 47.Kc3 g4 48.Kd4 Bg2 49.Nc4+ Kc7 50.Kc5 1-0